Creación de módulos didácticos para diferentes ensayos mecánicos destructivos y no destructivos
Gardado en:
| Autor Principal: | |
|---|---|
| Outros autores: | , |
| Formato: | Libro |
| Publicado: |
[San José], C.R.
2010
|
| Materias: | |
| Etiquetas: |
Engadir etiqueta
Sen Etiquetas, Sexa o primeiro en etiquetar este rexistro!
|
MARC
| LEADER | 00000nam a2200000Ia 4500 | ||
|---|---|---|---|
| 003 | 010119 | ||
| 005 | 20221231144032.0 | ||
| 008 | 140114s2010 cr a 000 ||s d | ||
| 040 | |c cru CEDI | ||
| 090 | |a TFG 6263 | ||
| 100 | |a Carmona Rodríguez, Ernesto |9 2820 | ||
| 245 | |a Creación de módulos didácticos para diferentes ensayos mecánicos destructivos y no destructivos | ||
| 260 | |c 2010 |b [San José], C.R. | ||
| 500 | |a Tesis (licenciatura en ingeniería mecánica)--Universidad de Costa Rica. Facultad de Ingeniería. Escuela de Ingeniería Mecánica | ||
| 650 | |x ENSAYOS (TECNOLOGIA) |x LABORATORIOS |x CONTROL DE CALIDAD |x ENSAYOS (TECNOLOGIA) |x LABORATORIOS |x CONTROL DE CALIDAD |x CLASIFICACION |x EVALUACION |9 2825 | ||
| 700 | |9 2822 |a León Yannarella, José Fabio | ||
| 700 | |a Masís González, Esteban |9 2826 | ||
| 942 | |c TFG | ||
| 999 | |c 15941 |d 15941 | ||
